Учебная практика (музейная, рисунок): электронный курс
| Autore principale: | |
|---|---|
| Ente Autore: | |
| Riassunto: | Заглавие с экрана Музейная практика предполагает изучение студентами теоретического курса, посещение экскурсионных занятий, на которых закрепляются полученные теоретические знания. По окончании вводного лекционного курса и экскурсионных занятий в разнопрофильных музеях направленных как на выявление особенностей каждой анализируемой экспозиции, так и на закрепление знаний по основным направлениям музейной деятельности: научно-фондовому, экспозиционному и культурно-образовательному. Во время прохождения учебной практики "Рисунок" обучающиеся закрепляют и развивают навыки живописной и графической техник, композиционного решения задания, полученные на аудиторных занятиях, выполняя на пленэре этюды и зарисовки с натуры. Доступ по логину и паролю |
| Lingua: | russo |
| Pubblicazione: |
Томск, TPU Moodle, 2016
|
| Soggetti: | |
| Accesso online: | https://stud.lms.tpu.ru/enrol/index.php?id=2959 |
| Natura: | MixedMaterials Elettronico Libro |
| KOHA link: | https://koha.lib.tpu.ru/cgi-bin/koha/opac-detail.pl?biblionumber=662620 |
MARC
| LEADER | 00000nlm0a2200000 4500 | ||
|---|---|---|---|
| 001 | 662620 | ||
| 005 | 20231214135247.0 | ||
| 035 | |a (RuTPU)RU\TPU\network\33775 | ||
| 035 | |a RU\TPU\network\33161 | ||
| 090 | |a 662620 | ||
| 100 | |a 20200915d2016 m y0rusy50 ca | ||
| 101 | 0 | |a rus | |
| 102 | |a RU | ||
| 105 | |a a j 000zy | ||
| 135 | |a jrcn ---uucaa | ||
| 181 | 0 | |a i | |
| 182 | 0 | |a b | |
| 200 | 1 | |a Учебная практика (музейная, рисунок) |e электронный курс |f Е. М. Давыдова |g Национальный исследовательский Томский политехнический университет, Институт кибернетики, Кафедра инженерной графики и промышленного дизайна | |
| 203 | |a Текст |c электронный | ||
| 210 | |c TPU Moodle |d 2016 |a Томск | ||
| 300 | |a Заглавие с экрана | ||
| 330 | |a Музейная практика предполагает изучение студентами теоретического курса, посещение экскурсионных занятий, на которых закрепляются полученные теоретические знания. По окончании вводного лекционного курса и экскурсионных занятий в разнопрофильных музеях направленных как на выявление особенностей каждой анализируемой экспозиции, так и на закрепление знаний по основным направлениям музейной деятельности: научно-фондовому, экспозиционному и культурно-образовательному. Во время прохождения учебной практики "Рисунок" обучающиеся закрепляют и развивают навыки живописной и графической техник, композиционного решения задания, полученные на аудиторных занятиях, выполняя на пленэре этюды и зарисовки с натуры. | ||
| 333 | |a Доступ по логину и паролю | ||
| 606 | 1 | |a Педагогический процесс в вузе |2 stltpush |3 (RuTPU)RU\TPU\subj\71065 |9 85128 | |
| 610 | 1 | |a электронный ресурс | |
| 610 | 1 | |a труды учёных ТПУ | |
| 610 | 1 | |a электронное обучение | |
| 610 | 1 | |a электронные курсы ТПУ | |
| 610 | 1 | |a электронные учебные пособия | |
| 610 | 1 | |a учебные пособия | |
| 610 | 1 | |a дистанционное образование | |
| 610 | 1 | |a дистанционное обучение | |
| 610 | 1 | |a учебные практики | |
| 610 | 1 | |a музейные выставки | |
| 610 | 1 | |a музейные экспозиции | |
| 610 | 1 | |a искусство | |
| 610 | 1 | |a пленэр | |
| 610 | 1 | |a графика | |
| 686 | |a Ч481.2я7 |2 rubbk | ||
| 700 | 1 | |a Давыдова |b Е. М. |c специалист в области инженерной графики и начертательной геометрии |c старший преподаватель Томского политехнического университета |f 1975- |g Евгения Михайловна |3 (RuTPU)RU\TPU\pers\32802 |9 16660 | |
| 712 | 0 | 2 | |a Национальный исследовательский Томский политехнический университет |b Институт кибернетики |b Кафедра инженерной графики и промышленного дизайна |3 (RuTPU)RU\TPU\col\18737 |
| 801 | 2 | |a RU |b 63413507 |c 20201006 |g RCR | |
| 856 | 4 | |u https://stud.lms.tpu.ru/enrol/index.php?id=2959 | |
| 942 | |c CF | ||